Kovové materiály. STN 42 0381. EN ISO 148-2 : Skúška rázovej húževnatosti podľa Charpyho. Časť 2: Verifikácia skúšobných strojov. 1.6.2009
Enregistré dans:
| Format: | Livre |
|---|---|
| Langue: | anglais |
| Publié: |
Bratislava :
Slovenský ústav technickej normalizácie,
2009
|
| Sujets: | |
| Tags: |
Pas de tags, Soyez le premier à ajouter un tag!
|
MARC
| LEADER | 00000nam a22000003a 4500 | ||
|---|---|---|---|
| 001 | stu245878 | ||
| 005 | 20150408162622.1 | ||
| 008 | 120420s2009----xo------------------eng-d | ||
| 040 | |a STU |b slo | ||
| 041 | 0 | |a eng | |
| 044 | |a xo | ||
| 245 | |a Kovové materiály. STN 42 0381. EN ISO 148-2 : |b Skúška rázovej húževnatosti podľa Charpyho. Časť 2: Verifikácia skúšobných strojov. 1.6.2009 | ||
| 260 | |a Bratislava : |b Slovenský ústav technickej normalizácie, |c 2009 | ||
| 300 | |a 38 s | ||
| 500 | |a Nahradené normy: STN EN 10045-2+AC:1997 | ||
| 650 | 7 | |a kovové materiály |2 stusub | |
| 996 | |b 284M081008 |c M*N-1482-1 |l MMKN |s A |a 24 |w stu245878_0001 | ||